[Event "GRE-ch U14"]
[Site "Niforeika"]
[Date "2000.04.27"]
[Round "7.15"]
[White "Antoniou, Paris"]
[Black "Moulias, Serafeim"]
[Result "1-0"]
[WhiteElo "1429"]
[BlackElo "1480"]
[PlyCount "42"]
[EventDate "2000.??.??"]
[EventType "swiss"]
[EventRounds "7"]
[EventCountry "GRE"]
[SourceTitle "EXT 2004"]
[Source "ChessBase"]
[SourceDate "2003.11.25"]
[SourceVersion "1"]
[SourceVersionDate "2003.11.25"]
[SourceQuality "1"]

1. e4 c5 2. Nf3 Nc6 3. d4 cxd4 4. Nxd4 Qb6 5. Nb3 Nf6 6. Nc3 e6 7. a3 a5 8. a4 Bb4 9. Bd3 d5 10. exd5 Nxd5 11. Bd2 Nd4 12. Bb5+ Bd7 13. Nxd5 Bxd2+ 14. Qxd2 Nxb3 15. Bxd7+ Kf8 16. Nxb6 Nxd2 17. Nxa8 Nc4 18. b3 Ne5 19. Bb5 Ke7 20. Nb6 Rd8 21. h3 Rd6 1-0